1663 1637 1315 1519 1599 1658 1825 1568 1539 1708 1079 1743 1379 1000 1117 1649 1921 1223 1407 1621 1872 1246 1568 1059 1786 1336 1773 1801 1652 1088 1102 1549 1022 1258 1514 1436 1157 1081 1496 1833 1907 1145 1248 1831 1747 1670 1656 1872 1990 1108 1009 1889 1226 1893 1110 1002 1895 1696 1094 1043 1446 1691 1931 1780 1693 1424 1432 1869 1282 1379 1488 1409 1530 1526 1632 1465 1283 1179 1719 1134 1847 1113 1872 1937 1744 1546 1698 1615 1060 1852 1712 1770 1473 1208 1909 1603 1902 1033 1699 BCNSPRNW ULIB Ver.6.0+V

เปลี่ยนเป็นภาษาไทย

Change to English
 แสดงรายละเอียดบรรณานุกรม
  กลับหน้าหลัก

Brief Record : Get Marc (ISO 2709) : E-mail record : QR code < ปิดหน้าต่าง
LEADER : 00000nam 2200000uu 4500
001    13399123636
003     ULIB
008    141021s2551||||th 000 0 tha d
020    ^a9749749450167
090    ^aนว.^bฬ111ด
100    ^aฬีฬา
245    ^aนางฟ้าในดวงใจ/^cฬีฬา
250    ^aพิมพ์ครั้งที่ 1
260    ^aกรุงเทพฯ :^bยาหยี-ยาใจ,^c2551
300    ^a292 หน้า
710 1  ^aยาหยี-ยาใจ
945    ^p390^l0^i21449
995    ^aทศพร
999    ^aทศพร เกษรทอง
รายการนี้ยังไม่มีแท็ก
คุณยังไม่ได้ล็อกอิน คุณสามารถมีกิจกรรมร่วมกับเว็บไซต์ได้ แต่ต้องล็อกอินก่อน ::
  ล็อกอิน

รายการสื่อสารสนเทศ

ลำดับที่ ประเภท เลขเรียก/บาร์โค้ด สถานที่ สถานะ
1. นวนิยาย
นวนิยาย
นว. ฬ111ด ฉ.1 
  Barcode: 21449
ห้องสมุดวิทยาเขตนครสวรรค์
►นวนิยาย:l:Fiction
บนชั้น

รายการใกล้เคียง
    ผู้แต่ง [ฬีฬา]

BibComment


ยังไม่เคยถูกคอมเมนท์

คอมเมนท์ทรัพยากรรายการนี้
  คอมเมนท์: นางฟ้าในดวงใจ ฬีฬา


 Copyright 2026. Bcnsprnw @Library